|
|
|
|
| LEADER |
00575cam a2200181 7i4500 |
| 001 |
0000014355 |
| 005 |
20040823090000.0 |
| 090 |
0 |
0 |
|a CD 633.851
|b MAL(M)
|
| 110 |
2 |
0 |
|a Malaysian Palm oil Board
|
| 245 |
2 |
0 |
|a Malaysian oil palm statistics 2001.
|
| 250 |
0 |
0 |
|a 21 ed..
|
| 260 |
0 |
0 |
|a [s.l]:
|b [s.n],
|c 2001.
|
| 300 |
# |
# |
|a Electronic computer optical disc(CD-ROM).
|
| 650 |
0 |
0 |
|a Statistics --
|z Malaysia
|
| 650 |
0 |
0 |
|a Oil Palm --
|z Malaysia
|
| 651 |
0 |
0 |
|a Malaysia
|
| 710 |
2 |
2 |
|a Ministry of Primary Industries, Malaysia
|
| 999 |
|
|
|a CDR000044H
|b CD-ROM
|c AV Collection
|e Business Information Centre
|